Short stories by Wikipedia description - Statistics

General Stats
  • This quiz has been taken 11 times
  • The average score is 5 of 15
Answer Stats
Hint Answer % Correct
[story] is among the earliest examples of American fiction with enduring popularity, especially during Halloween because of a character known as the Headless Horseman believed to be a Hessian soldier who was decapitated by a cannonball in battle. The Legend of Sleepy Hollow
82%
[story] is a satirical short story about a man who ages in reverse, from senescence to infancy, written by F. Scott Fitzgerald. The Curious Case of Benjamin Button
55%
As a sentimental story with a moral lesson about gift-giving, it has been popular for adaptation, especially for presentation at Christmas time. The plot and its twist ending are well known; the ending is generally considered an example of cosmic irony The Gift of the Magi
55%
Like several of Poe's stories, and in keeping with the 19th-century fascination with the subject, the narrative follows a person being buried alive – in this case, by immurement. The Cask of Amontillado
45%
The "Survival of the Fittest" segment of the episode is a direct parody of [story] as Mr. Burns attempts to hunt Homer Simpson for sport. The Most Dangerous Game
45%
Bierce's story highlighted the idea of subjective time passing at the moment of death and popularized the fictional device of false narrative continuation, which has been in wide circulation ever since then. An Occurrence at Owl Creek Bridge
36%
[the film adaptation] (2005) won numerous awards, including Academy Awards (for 2005) for Best Adapted Screenplay (McMurtry and Ossana), Best Director (Ang Lee), and Best Original Score (Gustavo Santaolalla). Brokeback Mountain
36%
The Union of South Africa banned it because some parts of Africa used stoning as a punishment. The Lottery
36%
In the story, three wishes are granted to the owner of [titular object], but the wishes come with an enormous price for interfering with fate. The Monkey's Paw
36%
Readers must come to their own conclusions based on the dialogue. This has led to varying interpretations of the story. One point of debate is whether or not the woman decides to get an abortion Hills Like White Elephants
27%
"[title]" has entered the English language as an allegorical expression, a shorthand indication or signifier, for a problem that is unsolvable. The Lady, or the Tiger?
18%
Le Guin chose the name after seeing a road sign for Salem, Oregon, in a car mirror. The Ones Who Walk Away from Omelas
18%
Bradbury's foresight in recognizing the potential for the complete self-destruction of humans by nuclear war in the work was recognized by the Pulitzer Prize Board There Will Come Soft Rains
18%
The work's title was taken from the 1917 Eddie Green song that includes the lines "[title] / You always get the other kind". A Good Man is Hard to Find
9%
It was inspired by three Tucson, Arizona, murders committed by Charles Schmid, which were profiled in Life magazine in an article written by Don Moser on March 4, 1966. Where Are You Going, Where Have You Been?
9%
No matching quizzes found
Score Distribution
Percent of People with Each Score
Percentile by Number Answered
Your Score History
You have not taken this quiz